| 000 | 00555nam a22001697a 4500 | ||
|---|---|---|---|
| 008 | 131010b xxu||||| |||| 00| 0 ger d | ||
| 020 | _a3423330740 | ||
| 041 | 0 | _ager | |
| 080 | _a159.95 | ||
| 100 | 1 | _aCalvin, William H. | |
| 245 | 1 | 0 |
_aDie sprache des Gehirns _cWilliam H. Calvin Aus dem Englischn von Hartmut Schickert |
| 260 |
_aMunchen : _bDeutscher Taschenbuch Verlag ; _c1996 |
||
| 300 |
_a286 f. : _bme il. ; _c19 cm. |
||
| 650 | 0 | _aPsikologjia | |
| 650 | 0 | _aPsikologjia patologjike | |
| 942 |
_2udc _cBK |
||
| 999 |
_c97 _d97 |
||